Migrantes e cittadinanza

Salvato in:
Dettagli Bibliografici
Autore principale: AA.VV
Natura: Libro
Lingua:lingua imprecisata
Pubblicazione: Roma Notizie Verdi 2006
Tags: Aggiungi Tag
Nessun Tag, puoi essere il primo ad aggiungerne!!

MARC

LEADER 00000nam a2200000Ia 4500
001 502
003 NUMERAZIONE-ORIGINALE-BRESCIA
005 20260206230753.0
008 260206s9999 xx 000 0 und d
100 |a AA.VV. 
245 0 |a Migrantes e cittadinanza 
260 |a Roma 
260 |b Notizie Verdi 
260 |c 2006 
500 |a Mappe 
942 |2 ddc  |c BK  |n 0 
952 |0 0  |1 0  |2 ddc  |4 0  |6 26  |7 0  |9 28629  |a BS  |b BS  |d 2026-02-06  |i 502  |l 0  |o 2-6-*  |r 2026-02-06 22:40:39  |w 2026-02-06  |x [REVISIONARE]  |y BK 
999 |c 24287  |d 24287